Landen die het dichtst bij Luxemburg liggen - Statistieken

Algemene statistieken
  • Deze quiz is 55 keer genomen
  • De gemiddelde score is 17 van 20
Antwoordstatistieken
km land % Correct
0 België
100%
0 Duitsland
100%
0 Frankrijk
100%
64 Nederland
100%
811 Spanje
100%
321 Oostenrijk
95%
602 Polen
95%
227 Zwitserland
95%
555 Denemarken
93%
366 Italië
91%
401 Tsjechië
88%
630 Slovenië
84%
337 Verenigd Koninkrijk
81%
732 Zweden
79%
694 Kroatië
74%
338 Liechtenstein
74%
768 Slowakije
74%
767 Hongarije
72%
766 San Marino
72%
641 Monaco
70%
Geen overeenkomende quizzen gevonden
Scoreverdeling
Procent van Mensen met Elke Score
Percentiel versus Aantal Correcte Antwoorden
Uw Scoregeschiedenis
U heeft deze quiz nog niet genomen